| 000 | 01107nam a22003137a 4500 | ||
|---|---|---|---|
| 001 | 9462 | ||
| 003 | FISKH | ||
| 005 | 20260113124539.0 | ||
| 008 | 260113b cb ||||| |||| 00| 0 eng d | ||
| 020 | _a9781416927358 | ||
| 040 |
_aFISKH _beng _cFISKH _dFISKH |
||
| 050 | _aPZ7.M478693 G | ||
| 082 | _a813.54 | ||
| 100 | _aMckissack , Paricia C . | ||
| 245 |
_aGoin' someplace special / _cBy patricia c. mckissack . jerry pinkney |
||
| 250 | _aFirst Aladdin Paperback edition 2009 | ||
| 260 |
_aNew York : _bAladdin Paperbacks , _c2001. |
||
| 300 |
_a36 unnumbered pages : _bcolor illustrations ; _c29 cm . |
||
| 505 | _aR | ||
| 520 | _aIn segregated 1950s Nashville, a young African American girl braves a series of indignities and obstacles to get to one of the few integrated places in town: the public library. | ||
| 521 | 8 |
_a730
_bLexile AD |
|
| 521 | 8 |
_aR
_bRaz-Plus |
|
| 650 |
_aSegregation _vFiction |
||
| 650 |
_aAfro-American _vFiction |
||
| 650 |
_aNashville ( Tenn) _vFiction |
||
| 700 |
_aPinkney , Jerry _eIllustrator |
||
| 942 |
_2ddc _cBK _n0 |
||
| 999 |
_c9462 _d9462 |
||